000 00488nam a2200169Ia 4500
008 230711s9999||||xx |||||||||||||| ||und||
020 _a978-1-84214-552-4
041 _aENG
082 _a615.1901
_bMU-P
100 _aMunson,James W
245 0 _aPharmaceutical Analysis : Modern Methods Part A
_bDrugs and The Pharmaceutical Science Volume 11
250 _a1st Ed.
260 _c2012
_aNew York
_bInforma Healthcare Publications
300 _a485p.
650 _aPharmacy
942 _cBK
999 _c7212
_d7212